State of the environment : (Record no. 19707)

MARC details
000 -LEADER
fixed length control field 01019pam a2200289 a 4500
001 - CONTROL NUMBER
control field 4313148
003 - CONTROL NUMBER IDENTIFIER
control field OSt
005 - DATE AND TIME OF LATEST TRANSACTION
control field 20211123110100.0
008 - FIXED-LENGTH DATA ELEMENTS--GENERAL INFORMATION
fixed length control field 870519s1987 dcua b 001 0 eng
010 ## - LIBRARY OF CONGRESS CONTROL NUMBER
LC control number 87015193
020 ## - INTERNATIONAL STANDARD BOOK NUMBER
International Standard Book Number 0891640983 (pbk.)
040 ## - CATALOGING SOURCE
Original cataloging agency DLC
Transcribing agency HU
Modifying agency DLC
043 ## - GEOGRAPHIC AREA CODE
Geographic area code n-us---
050 00 - LIBRARY OF CONGRESS CALL NUMBER
Classification number TD171
Item number .S73 1987
082 00 - DEWEY DECIMAL CLASSIFICATION NUMBER
Classification number 363.7/00973
Edition number 19
245 00 - TITLE STATEMENT
Title State of the environment :
Remainder of title a view toward the nineties.
260 ## - PUBLICATION, DISTRIBUTION, ETC.
Place of publication, distribution, etc. Washington, D.C. :
Name of publisher, distributor, etc. Conservation Foundation,
Date of publication, distribution, etc. c1987.
300 ## - PHYSICAL DESCRIPTION
Extent xlviii, 614 p. :
Other physical details ill. ;
Dimensions 23 cm.
500 ## - GENERAL NOTE
General note "A report from the Conservation Foundation sponsored by the Charles Stewart Mott Foundation."
504 ## - BIBLIOGRAPHY, ETC. NOTE
Bibliography, etc. note Includes bibliographies and index.
650 #0 - SUBJECT ADDED ENTRY--TOPICAL TERM
Topical term or geographic name entry element Environmental protection
Geographic subdivision United States.
9 (RLIN) 20044
650 #0 - SUBJECT ADDED ENTRY--TOPICAL TERM
Topical term or geographic name entry element Environmental policy
Geographic subdivision United States.
9 (RLIN) 13521
710 2# - ADDED ENTRY--CORPORATE NAME
Corporate name or jurisdiction name as entry element Conservation Foundation.
9 (RLIN) 8848
710 2# - ADDED ENTRY--CORPORATE NAME
Corporate name or jurisdiction name as entry element Charles Stewart Mott Foundation.
9 (RLIN) 20045
906 ## - LOCAL DATA ELEMENT F, LDF (RLIN)
a 7
b cbc
c orignew
d 1
e ocip
f 19
g y-gencatlg
942 ## - ADDED ENTRY ELEMENTS (KOHA)
Source of classification or shelving scheme Dewey Decimal Classification
Koha item type Books like text book referance book
Suppress in OPAC No
Holdings
Withdrawn status Lost status Source of classification or shelving scheme Damaged status Not for loan Home library Current library Shelving location Date acquired Total Checkouts Full call number Barcode Date last seen Copy number Price effective from Koha item type
    Dewey Decimal Classification     Social Library Social Library General Stacks 11/23/2021   363.700973/STA SHLIB 00003107 11/23/2021 1 11/23/2021 Books like text book referance book
    Dewey Decimal Classification     Social Library Social Library General Stacks 11/23/2021   363.700973/STA SHLIB 00003108 11/23/2021 2 11/23/2021 Books like text book referance book
    Dewey Decimal Classification     Social Library Social Library General Stacks 11/23/2021   363.700973/STA SHLIB 00003109 11/23/2021 3 11/23/2021 Books like text book referance book